[Event "Seniorsko prvenstvo Centralne "]
[Site "Vrnjacka Banja"]
[Date "2008.11.11"]
[Round "6.1"]
[White "Rajkovic, Dusan"]
[Black "Antic, Dejan"]
[Result "1/2-1/2"]
[WhiteElo "2474"]
[BlackElo "2489"]
[PlyCount "22"]
[EventDate "2008.11.08"]

1. d4 Nf6 2. c4 e6 3. Nf3 b6 4. g3 Ba6 5. Nbd2 Bb4 6. Qc2 O-O 7. Bg2 d5 8. b3
c5 9. dxc5 Bxc5 10. O-O Nbd7 11. Bb2 Rc8 1/2-1/2

[Event "Seniorsko prvenstvo Centralne "]
[Site "Vrnjacka Banja"]
[Date "2008.11.11"]
[Round "6.2"]
[White "Lajthajm, Borko"]
[Black "Novoselski, Zoran"]
[Result "1-0"]
[WhiteElo "2498"]
[BlackElo "2388"]
[PlyCount "77"]
[EventDate "2008.11.08"]

1. e4 e5 2. Nf3 Nc6 3. d4 exd4 4. Nxd4 Nf6 5. Nxc6 bxc6 6. e5 Nd5 7. c4 Bb4+ 8.
Bd2 Bxd2+ 9. Qxd2 Nb6 10. Nc3 Qe7 11. O-O-O a5 12. Qd4 Bb7 13. Ne4 O-O-O 14.
Bd3 c5 15. Nxc5 Bxg2 16. Rhg1 Bf3 17. Rde1 g6 18. Re3 Bc6 19. Ne4 Bxe4 20. Bxe4
d6 21. Qc3 dxe5 22. Qxa5 Rd4 23. b3 Qf6 24. c5 Qxf2 25. Rge1 Nd7 26. Qa8+ Nb8
27. Bc6 Qd2+ 28. Kb1 Rb4 29. Rxe5 Rd8 30. Re8 Qd3+ 31. Kb2 Qd4+ 32. Ka3 Rxb3+
33. axb3 Qxc5+ 34. Kb2 Qd4+ 35. Ka2 Qd2+ 36. Ka3 Qd6+ 37. b4 Qd3+ 38. Ka4 Qc2+
39. Ka5 1-0

[Event "Seniorsko prvenstvo Centralne "]
[Site "Vrnjacka Banja"]
[Date "2008.11.11"]
[Round "6.3"]
[White "Damjanovic, Dragan"]
[Black "Maksimovic, Branimir"]
[Result "0-1"]
[WhiteElo "2229"]
[BlackElo "2418"]
[PlyCount "52"]
[EventDate "2008.11.08"]

1. d4 Nf6 2. c4 e6 3. Nc3 Bb4 4. Qc2 O-O 5. a3 Bxc3+ 6. Qxc3 b6 7. Bg5 Bb7 8.
e3 d6 9. Ne2 Nbd7 10. Qc2 c5 11. Rd1 Qc7 12. Nc3 a6 13. f3 Rfe8 14. Be2 Rac8
15. O-O h6 16. Bh4 cxd4 17. Rxd4 d5 18. cxd5 Nxd5 19. Rc4 Qe5 20. Nxd5 Rxc4 21.
Qxc4 exd5 22. Qg4 Qxe3+ 23. Bf2 Qe6 24. Qa4 Nc5 25. Qh4 Qxe2 26. Re1 Qb5 0-1

[Event "Seniorsko prvenstvo Centralne "]
[Site "Vrnjacka Banja"]
[Date "2008.11.11"]
[Round "6.4"]
[White "Tosic, Miroslav"]
[Black "Nikolic, Stanimir"]
[Result "1-0"]
[WhiteElo "2445"]
[BlackElo "2291"]
[PlyCount "65"]
[EventDate "2008.11.08"]

1. Nf3 d5 2. d4 Nf6 3. c4 c6 4. Nc3 Nbd7 5. cxd5 cxd5 6. Bf4 e6 7. Rc1 a6 8. h3
b5 9. e3 Bb7 10. Bd3 Rc8 11. O-O Be7 12. Qe2 Qa5 13. Nd2 O-O 14. Nb3 Qd8 15. a4
b4 16. Na2 Nb6 17. Na5 Ba8 18. Bxa6 Rxc1 19. Rxc1 Nxa4 20. Bc7 Qd7 21. Bb5 Nc3
22. Rxc3 bxc3 23. Bxd7 cxb2 24. Qxb2 Nxd7 25. Qb5 Nf6 26. Qa6 Ne4 27. f3 Nd2
28. Bd6 Bxd6 29. Qxd6 Rc8 30. Qb4 Nc4 31. Nxc4 dxc4 32. Nc3 f5 33. Qe7 1-0

[Event "Seniorsko prvenstvo Centralne "]
[Site "Vrnjacka Banja"]
[Date "2008.11.11"]
[Round "6.5"]
[White "Nadj Hedjesi, Balind"]
[Black "Ostojic, Nikola"]
[Result "1-0"]
[WhiteElo "2296"]
[BlackElo "2398"]
[PlyCount "93"]
[EventDate "2008.11.08"]

1. c3 Nf6 2. d4 g6 3. Bg5 Bg7 4. Nd2 d5 5. e3 O-O 6. Bd3 Nbd7 7. Ngf3 Re8 8.
O-O e5 9. dxe5 Nxe5 10. Nxe5 Rxe5 11. Nf3 Re8 12. c4 c6 13. Qc2 dxc4 14. Bxc4
Qb6 15. Rab1 Bf5 16. Bd3 Bxd3 17. Qxd3 h6 18. Bxf6 Bxf6 19. b4 Rad8 20. Qc2 Qb5
21. a4 Qd3 22. Qc5 a6 23. h3 Qa3 24. Qb6 Rd7 25. a5 Qd3 26. Rbd1 Qxd1 27. Rxd1
Rxd1+ 28. Kh2 Rd7 29. g4 Re4 30. Kg3 Bd8 31. Qa7 Bc7+ 32. Kg2 Rxb4 33. Nd4 Kh7
34. h4 Bxa5 35. Qc5 Rbxd4 36. exd4 Bd8 37. Kg3 Bf6 38. h5 Bxd4 39. hxg6+ fxg6
40. Qf8 Bg7 41. Qc8 Rf7 42. f4 a5 43. Qe8 Rf8 44. Qd7 b5 45. Qxc6 b4 46. Qb5
Ra8 47. f5 1-0

[Event "Seniorsko prvenstvo Centralne "]
[Site "Vrnjacka Banja"]
[Date "2008.11.11"]
[Round "6.6"]
[White "Misailovic, Nebojsa"]
[Black "Sredojevic, Ivan"]
[Result "0-1"]
[WhiteElo "2267"]
[BlackElo "2396"]
[PlyCount "60"]
[EventDate "2008.11.08"]

1. e4 c5 2. Nf3 d6 3. d4 cxd4 4. Nxd4 Nf6 5. Nc3 a6 6. Be3 e5 7. Nb3 Be6 8. f3
Nbd7 9. Qd2 Be7 10. O-O-O O-O 11. g4 b5 12. g5 b4 13. Ne2 Ne8 14. f4 a5 15. f5
a4 16. Nbd4 b3 17. Kb1 exd4 18. Nxd4 bxc2+ 19. Nxc2 Bb3 20. axb3 axb3 21. Na3
Ra4 22. Bc4 Rxc4 23. Nxc4 Qa8 24. Na3 Nc7 25. f6 gxf6 26. gxf6 Bxf6 27. Rdg1+
Kh8 28. Qxd6 Nb5 29. Qxd7 Nxa3+ 30. bxa3 Qxa3 0-1

[Event "Seniorsko prvenstvo Centralne "]
[Site "Vrnjacka Banja"]
[Date "2008.11.11"]
[Round "6.7"]
[White "Gavrilovic, Leonardo"]
[Black "Zivkovic, Ivan B"]
[Result "0-1"]
[WhiteElo "2188"]
[BlackElo "2322"]
[PlyCount "74"]
[EventDate "2008.11.08"]

1. Nf3 d5 2. c4 c6 3. e3 Nf6 4. b3 Bg4 5. Bb2 e6 6. Be2 Nbd7 7. O-O Bd6 8. d3
O-O 9. Nbd2 Re8 10. Re1 e5 11. e4 dxe4 12. dxe4 Qc7 13. Nh4 Be6 14. Qc2 a5 15.
a3 Bc5 16. Ndf3 Bg4 17. h3 Bxf3 18. Bxf3 Nf8 19. Bc3 Ne6 20. b4 Bd4 21. c5 g6
22. Rab1 axb4 23. axb4 Ra3 24. Rb3 Rea8 25. Reb1 Qd8 26. g3 Ne8 27. Be2 Bxc3
28. Qxc3 Nd4 29. Bc4 Nxb3 30. Bxb3 Nc7 31. Nf3 Nb5 32. Qc4 Qf6 33. Kg2 Rd8 34.
Qc1 Rd3 35. Nd2 Qd8 36. Rb2 Qd4 37. Qc4 Raxb3 0-1

[Event "Seniorsko prvenstvo Centralne "]
[Site "Vrnjacka Banja"]
[Date "2008.11.11"]
[Round "6.8"]
[White "Kojovic, Dragan"]
[Black "Popovic, Predrag R"]
[Result "1/2-1/2"]
[WhiteElo "2412"]
[BlackElo "2275"]
[PlyCount "154"]
[EventDate "2008.11.08"]

1. e4 e6 2. d4 d5 3. Nc3 dxe4 4. Nxe4 Nd7 5. Nf3 Ngf6 6. Bg5 Be7 7. Bxf6 Nxf6
8. Nxf6+ Bxf6 9. c3 Bd7 10. Qb3 Bc6 11. Bb5 Qd7 12. a4 a6 13. Bxc6 Qxc6 14. O-O
O-O 15. Rfe1 Rfd8 16. Re2 b5 17. h3 Qd5 18. Qxd5 exd5 19. b4 Kf8 20. g4 h6 21.
Kf1 c6 22. h4 g6 23. g5 hxg5 24. hxg5 Bg7 25. Rea2 Rac8 26. Ne1 Kg8 27. Nd3 Bf8
28. f4 Bd6 29. Kf2 Kg7 30. Rh1 Rc7 31. Kf3 Rh8 32. Rxh8 Kxh8 33. axb5 axb5 34.
Nc1 Kg7 35. Ra6 Kf8 36. Nb3 Ke7 37. Na5 Kd7 38. Ra8 Ke7 39. Kg4 Ke6 40. Ra6 Kd7
41. Ra8 Ke6 42. Rd8 Ke7 43. Rh8 Ke6 44. Rh6 Bf8 45. f5+ Ke7 46. Rh8 gxf5+ 47.
Kxf5 Bg7 48. Rh7 Kf8 49. Rh3 Ke7 50. Re3+ Kd7 51. Nb3 Rc8 52. Nc5+ Kd6 53. Re2
Ra8 54. Nb7+ Kd7 55. Na5 Rh8 56. Kg4 Rg8 57. Rf2 f6 58. g6 Rh8 59. Nb3 Rh6 60.
Nc5+ Kd6 61. Ra2 Rxg6+ 62. Kh5 Rg5+ 63. Kh4 Bf8 64. Ra8 Rg8 65. Rd8+ Ke7 66.
Rc8 f5 67. Rxc6 f4 68. Nd3 Kd7 69. Ne5+ Ke8 70. Rg6 Rxg6 71. Nxg6 f3 72. Kg3
Bh6 73. Kxf3 Bd2 74. Nf4 Bxc3 75. Nxd5 Bxd4 76. Ke4 Bf2 77. Nc7+ Kd7 1/2-1/2

[Event "Seniorsko prvenstvo Centralne "]
[Site "Vrnjacka Banja"]
[Date "2008.11.11"]
[Round "6.9"]
[White "Abramovic, Bosko"]
[Black "Djosic, Slavoljub"]
[Result "1-0"]
[WhiteElo "2484"]
[BlackElo "2256"]
[PlyCount "81"]
[EventDate "2008.11.08"]

1. d4 b5 2. e4 Bb7 3. Bd3 e6 4. Nf3 a6 5. Nbd2 d6 6. O-O Nd7 7. c3 g6 8. a4 c6
9. Qe2 Ne7 10. b3 Bg7 11. Ba3 Qc7 12. Rfe1 bxa4 13. bxa4 c5 14. Rec1 O-O 15.
Nb3 e5 16. dxc5 Nxc5 17. Nxc5 dxc5 18. Nd2 Rfd8 19. Nc4 f5 20. Rd1 Kh8 21. Bc2
fxe4 22. Bxe4 Nd5 23. Qe1 Nf4 24. f3 Bxe4 25. Qxe4 Rab8 26. g3 Ne6 27. Kg2 Rf8
28. h4 g5 29. Bc1 gxh4 30. Qxh4 Qf7 31. Qe4 Qf6 32. Rh1 h6 33. Be3 Ng5 34. Bxg5
Qxg5 35. Rh4 Rf4 36. Rxf4 exf4 37. g4 Bxc3 38. Rh1 Bg7 39. Rh5 Qf6 40. Ne5 Rb4
41. Qd5 1-0

[Event "Seniorsko prvenstvo Centralne "]
[Site "Vrnjacka Banja"]
[Date "2008.11.11"]
[Round "6.10"]
[White "Arsovic, Goran"]
[Black "Tasic, Vladimir"]
[Result "1-0"]
[WhiteElo "2432"]
[BlackElo "2241"]
[PlyCount "93"]
[EventDate "2008.11.08"]

1. d4 Nf6 2. Nf3 g6 3. c4 Bg7 4. g3 O-O 5. Bg2 d6 6. O-O Nc6 7. Nc3 a6 8. Qd3
Bf5 9. e4 Bg4 10. d5 Bxf3 11. Qxf3 Nd4 12. Qd1 c5 13. dxc6 Nxc6 14. Be3 Nd7 15.
Rc1 Qa5 16. Qd2 Rfd8 17. b3 Rac8 18. Rfd1 Nc5 19. Nd5 Qxd2 20. Rxd2 Kf8 21. f4
Nd7 22. Nb6 Rc7 23. Nxd7+ Rcxd7 24. Bb6 e5 25. Bh3 Nd4 26. Bxd4 exd4 27. Bxd7
Rxd7 28. Kf2 Rc7 29. Ke2 a5 30. Kd3 Ke7 31. Re2 Rc5 32. a3 Kd7 33. b4 axb4 34.
axb4 Rc8 35. e5 dxe5 36. fxe5 Kc6 37. Rce1 Bf8 38. Rb1 Bg7 39. Kxd4 b6 40. Rbe1
Rd8+ 41. Kc3 Ra8 42. Kb3 Bf8 43. Rd2 Be7 44. Rd5 Rc8 45. Ra1 Rd8 46. Rxd8 Bxd8
47. Re1 1-0

[Event "Seniorsko prvenstvo Centralne "]
[Site "Vrnjacka Banja"]
[Date "2008.11.11"]
[Round "6.11"]
[White "Somborski, Nebojsa"]
[Black "Misic, Dragan"]
[Result "1/2-1/2"]
[WhiteElo "2379"]
[BlackElo "2229"]
[PlyCount "59"]
[EventDate "2008.11.08"]

1. e4 c6 2. d4 d5 3. Nc3 dxe4 4. Nxe4 Nd7 5. Ng5 Ngf6 6. Bd3 e6 7. N1f3 Bd6 8.
Qe2 h6 9. Ne4 Nxe4 10. Qxe4 Nf6 11. Qe2 Nd5 12. c3 Nf4 13. Bxf4 Bxf4 14. Ne5
Qc7 15. g3 Bxe5 16. dxe5 Bd7 17. O-O-O O-O-O 18. Bc4 Kb8 19. Rd6 Bc8 20. Rhd1
Rd7 21. Qg4 g6 22. Rxd7 Bxd7 23. Qf3 Bc8 24. Qf6 Re8 25. g4 Re7 26. Qh8 Qb6 27.
Rd4 Qa5 28. Bb3 Rc7 29. Qxh6 Qxe5 30. Qf4 1/2-1/2

[Event "Seniorsko prvenstvo Centralne "]
[Site "Vrnjacka Banja"]
[Date "2008.11.11"]
[Round "6.12"]
[White "Lazic, Dragoljub"]
[Black "Lazic, Zeljko"]
[Result "1-0"]
[WhiteElo "2320"]
[BlackElo "2207"]
[PlyCount "105"]
[EventDate "2008.11.08"]

1. e4 g6 2. d4 Bg7 3. c3 d6 4. f4 e5 5. dxe5 dxe5 6. Qxd8+ Kxd8 7. Nf3 Nd7 8.
fxe5 Nxe5 9. Bf4 Nxf3+ 10. gxf3 Be6 11. Na3 a6 12. Rd1+ Kc8 13. Bc4 Bxc4 14.
Nxc4 Ne7 15. Bg5 Nc6 16. O-O Ne5 17. Nxe5 Bxe5 18. f4 Bg7 19. e5 h6 20. Bh4 g5
21. fxg5 Bxe5 22. gxh6 b5 23. Bf6 Bxf6 24. Rxf6 Rh7 25. Rd4 Kb7 26. Kf2 Rf8 27.
Rdf4 Rd8 28. Ke3 Rd5 29. h3 Rg5 30. a4 bxa4 31. Rb4+ Kc8 32. Rxa4 a5 33. Kf3
Rh5 34. Kg4 Rb5 35. h4 Kd7 36. Rd4+ Ke7 37. Rc6 Rxb2 38. Rxc7+ Ke6 39. Rc6+ Ke7
40. Ra6 Rc2 41. Rc4 Rg2+ 42. Kf3 Rd2 43. Rc7+ Kd8 44. Rc5 a4 45. Rg5 Kd7 46.
Rg7 Rh8 47. Ra7+ Ke6 48. h7 Rd3+ 49. Kg4 Rxc3 50. Rgxf7 a3 51. Rfb7 Ke5 52. Kg5
Rg3+ 53. Kh6 1-0

[Event "Seniorsko prvenstvo Centralne "]
[Site "Vrnjacka Banja"]
[Date "2008.11.11"]
[Round "6.13"]
[White "Zlatanovic, Zoran"]
[Black "Pantelic, Sasa"]
[Result "1-0"]
[WhiteElo "2169"]
[BlackElo "2293"]
[PlyCount "101"]
[EventDate "2008.11.08"]

1. e4 c5 2. Nf3 d6 3. d4 cxd4 4. Nxd4 Nf6 5. Nc3 g6 6. g3 Nc6 7. Bg2 Nxd4 8.
Qxd4 Bg7 9. a4 O-O 10. a5 Be6 11. Qb4 Nd7 12. Nd5 Rc8 13. c3 Ne5 14. O-O Qd7
15. Be3 Rfe8 16. Nf4 Nc6 17. Qa4 a6 18. Nd5 Ne5 19. Nb6 Qxa4 20. Rxa4 Rc7 21.
Nd5 Rc4 22. Rfa1 Kf8 23. Bf1 Rxe4 24. Rxe4 Bxd5 25. Rb4 Nf3+ 26. Kh1 Ne1+ 27.
Kg1 Nc2 28. Rba4 Nxa1 29. Rxa1 Rc8 30. Ra4 e6 31. Rb4 Bf6 32. Bg2 Bxg2 33. Kxg2
Rc7 34. Bb6 Rd7 35. Rc4 d5 36. Rc8+ Kg7 37. b4 e5 38. Kf1 h5 39. Ke2 Be7 40.
Kd3 f5 41. f4 e4+ 42. Ke3 Bf6 43. Bd4 Kf7 44. b5 axb5 45. Rc5 Bxd4+ 46. Kxd4
Ke6 47. Rxb5 Rc7 48. Rb6+ Rc6 49. Rxc6+ bxc6 50. a6 c5+ 51. Ke3 1-0

[Event "Seniorsko prvenstvo Centralne "]
[Site "Vrnjacka Banja"]
[Date "2008.11.11"]
[Round "6.14"]
[White "Stanojevic, Branko"]
[Black "Karaklajic, Milutin"]
[Result "1-0"]
[WhiteElo "2275"]
[BlackElo "2108"]
[PlyCount "135"]
[EventDate "2008.11.08"]

1. d4 e6 2. Nf3 d5 3. g3 c5 4. Bg2 cxd4 5. Nxd4 Nc6 6. O-O Nf6 7. c4 Qb6 8.
Nxc6 bxc6 9. Nc3 Ba6 10. Be3 Qa5 11. cxd5 exd5 12. a3 Bc4 13. Bd4 Be7 14. b3
Ba6 15. b4 Qd8 16. Qa4 Bb7 17. e4 O-O 18. exd5 Nxd5 19. Nxd5 cxd5 20. Qb5 Qb8
21. Rfe1 a6 22. Qd7 Bd6 23. Qg4 f6 24. Qe6+ Kh8 25. Bxd5 Bxd5 26. Qxd5 Rd8 27.
Qf7 Bxg3 28. Re7 Bxh2+ 29. Kh1 Rg8 30. Bxf6 Qf8 31. Bb2 Bd6 32. Rd7 Qxf7 33.
Rxf7 Raf8 34. Rxf8 Rxf8 35. Rd1 Rd8 36. Kg2 Kg8 37. Rd5 Bc7 38. Rc5 Bb6 39. Rc6
Rb8 40. Be5 Rb7 41. a4 a5 42. b5 Kf7 43. f4 Bd8 44. Kf3 h5 45. Rd6 Be7 46. Rc6
Bd8 47. f5 h4 48. Bd6 Rb6 49. Kg4 Rb7 50. Bc5 Ke8 51. Re6+ Kf7 52. Ra6 Rb8 53.
Ra7+ Kg8 54. Bd4 Rc8 55. Rd7 Kf8 56. Bxg7+ Ke8 57. Rd4 Bb6 58. Re4+ Kf7 59. Be5
Re8 60. Kf3 h3 61. Bh2 Rc8 62. Re6 Rc3+ 63. Kg4 Rc4+ 64. Kxh3 Bd8 65. b6 Rxa4
66. Rd6 Ke8 67. Rxd8+ Kxd8 68. b7 1-0

[Event "Seniorsko prvenstvo Centralne "]
[Site "Vrnjacka Banja"]
[Date "2008.11.11"]
[Round "6.15"]
[White "Irizanin, Radoje"]
[Black "Tasic, Zoran"]
[Result "0-1"]
[WhiteElo "2339"]
[BlackElo "2159"]
[PlyCount "126"]
[EventDate "2008.11.08"]

1. d4 g6 2. e4 Bg7 3. Nc3 c6 4. Nf3 d5 5. exd5 cxd5 6. Bb5+ Bd7 7. Bxd7+ Qxd7
8. O-O Nc6 9. Re1 Nh6 10. Ne5 Nxe5 11. dxe5 e6 12. Bg5 Rc8 13. Qd3 a6 14. Rad1
Qc7 15. Qh3 Nf5 16. g4 Ne7 17. Bf6 Kf8 18. Qf3 h5 19. h3 b5 20. a3 Ng8 21. Rd4
hxg4 22. Bxg7+ Kxg7 23. hxg4 Qe7 24. Rf4 Rc7 25. Kg2 Qh4 26. Qg3 g5 27. Qxh4
Rxh4 28. Rd4 Ne7 29. Kg3 Ng6 30. a4 Rc4 31. Rxc4 bxc4 32. Ne2 Nxe5 33. f3 Ng6
34. b3 cxb3 35. cxb3 Rh8 36. b4 Kf6 37. Rb1 Ke5 38. b5 axb5 39. Rxb5 Rh1 40. a5
Ra1 41. Kf2 Ra2 42. Ke3 Nf4 43. Nxf4 gxf4+ 44. Kd3 Rf2 45. Kc3 Rxf3+ 46. Kb4
Rh3 47. a6 Rh8 48. a7 Ra8 49. Rb7 f6 50. Kc3 Ke4 51. Kd2 Kf3 52. Rf7 e5 53.
Rxf6 Rxa7 54. g5 Ra2+ 55. Kd3 Ra3+ 56. Kc2 Ke4 57. g6 Rg3 58. Kd2 Rg2+ 59. Ke1
Ke3 60. Kf1 Rg5 61. Ra6 d4 62. Ra5 Ke4 63. Ra6 Kf5 0-1

[Event "Seniorsko prvenstvo Centralne "]
[Site "Vrnjacka Banja"]
[Date "2008.11.11"]
[Round "6.16"]
[White "Pantic, Ivica"]
[Black "Arsovic, Zoran"]
[Result "0-1"]
[WhiteElo "2208"]
[BlackElo "2480"]
[PlyCount "72"]
[EventDate "2008.11.08"]

1. d4 Nf6 2. c4 d6 3. Nc3 Nbd7 4. e4 e5 5. Nf3 g6 6. Be2 Bg7 7. O-O O-O 8. Bg5
h6 9. Bh4 g5 10. dxe5 dxe5 11. Bg3 Nh5 12. Bxe5 Nxe5 13. Nxe5 Qxd1 14. Bxd1 Nf4
15. Ng4 c6 16. Rb1 Rd8 17. Ne3 Rd2 18. g3 Nd3 19. Bc2 Nxb2 20. Rxb2 Bxc3 21.
Rb3 Bd4 22. Bb1 Bh3 23. Re1 Rd8 24. e5 b6 25. Be4 Bxe5 26. a4 c5 27. g4 Bd4 28.
Bf3 Ra2 29. Be2 Re8 30. Rd3 Re4 31. Bd1 Bxg4 32. Bxg4 Bxe3 33. Rd8+ Kg7 34. Be2
Bd2 35. Rd1 Rxe2 36. Kf1 Bc3 0-1

[Event "Seniorsko prvenstvo Centralne "]
[Site "Vrnjacka Banja"]
[Date "2008.11.11"]
[Round "6.17"]
[White "Simic, Milan A"]
[Black "Milosevic, Zoran"]
[Result "0-1"]
[WhiteElo "2136"]
[BlackElo "2279"]
[PlyCount "128"]
[EventDate "2008.11.08"]

1. d4 d5 2. c4 c6 3. Nc3 Nf6 4. Nf3 Nbd7 5. cxd5 cxd5 6. Bf4 Nh5 7. Bg5 h6 8.
Bh4 g5 9. Bg3 e6 10. Be5 Nxe5 11. Nxe5 Nf6 12. e4 Be7 13. exd5 exd5 14. Bb5+
Kf8 15. Be2 Qb6 16. O-O Rg8 17. Na4 Qd6 18. h3 Bf5 19. g4 Be6 20. Nc5 Ne4 21.
Nxe6+ Qxe6 22. Qb3 Kg7 23. Qe3 Bd6 24. f3 Ng3 25. Rf2 Rae8 26. Bb5 Re7 27. Qd3
Bxe5 28. Re1 h5 29. Rxe5 Qf6 30. Qe3 Rxe5 31. dxe5 Qf4 32. Qxf4 gxf4 33. Rc2 a6
34. Bd3 Re8 35. Rc7 b5 36. Rc6 Rxe5 37. Rxa6 b4 38. Rb6 Re1+ 39. Kf2 Rd1 40.
Bb5 Rd2+ 41. Ke1 Rxb2 42. Bc6 d4 43. gxh5 d3 44. h6+ Kh7 45. Bb5 Re2+ 46. Kd1
Re3 47. Rd6 Rxf3 48. Bxd3+ f5 49. Kc2 Ne4 50. Rd5 Kxh6 51. Rxf5 Ng3 52. Rb5
Rf2+ 53. Kb3 Rd2 54. Bc4 f3 55. Rb6+ Kg5 56. Rb8 f2 57. Rg8+ Kf4 58. Rg4+ Kf3
59. Bb5 Ne2 60. Bc6+ Ke3 61. Bg2 Nf4 62. Bf1 Rd1 63. Rg3+ Ke4 64. Bc4 Rd3+ 0-1

[Event "Seniorsko prvenstvo Centralne "]
[Site "Vrnjacka Banja"]
[Date "2008.11.11"]
[Round "6.18"]
[White "Ilic, Dragan B"]
[Black "Misojcic, Miroslav"]
[Result "0-1"]
[WhiteElo "2256"]
[BlackElo "2221"]
[PlyCount "62"]
[EventDate "2008.11.08"]

1. d4 d5 2. Nf3 e6 3. c4 c5 4. cxd5 exd5 5. Bg5 Be7 6. Bxe7 Nxe7 7. dxc5 Qa5+
8. Nc3 Nbc6 9. e3 Qxc5 10. Be2 O-O 11. O-O Rd8 12. Rc1 Bg4 13. Nd4 Bxe2 14.
Qxe2 a6 15. Rfd1 Nxd4 16. exd4 Qd6 17. Rd3 Nc6 18. Re1 h6 19. Qh5 Re8 20. Rde3
Rxe3 21. fxe3 Rd8 22. Rf1 Rd7 23. a3 b5 24. b4 Qe6 25. Qf3 Ne7 26. Qf4 Rd8 27.
Rf3 Rc8 28. Ne2 Ng6 29. Qf5 Nh4 30. Qf4 Nxf3+ 31. gxf3 g5 0-1

[Event "Seniorsko prvenstvo Centralne "]
[Site "Vrnjacka Banja"]
[Date "2008.11.11"]
[Round "6.19"]
[White "Pavicevic, Jovan"]
[Black "Mitrovic, Darko R"]
[Result "0-1"]
[WhiteElo "2093"]
[BlackElo "2362"]
[PlyCount "46"]
[EventDate "2008.11.08"]

1. e4 e6 2. d4 d5 3. Nd2 Nf6 4. e5 Nfd7 5. f4 c5 6. c3 Nc6 7. Ngf3 cxd4 8. cxd4
Qb6 9. Nb3 a5 10. a4 Bb4+ 11. Kf2 O-O 12. Bd3 f6 13. Be3 fxe5 14. dxe5 Qd8 15.
Ke2 Nb6 16. g3 Bd7 17. Qc2 h6 18. Nc5 Rc8 19. Qb3 Qe7 20. Nxd7 Nxd7 21. Nh4 Nc5
22. Ng6 Nxb3 23. Nxe7+ Bxe7 0-1

[Event "Seniorsko prvenstvo Centralne "]
[Site "Vrnjacka Banja"]
[Date "2008.11.11"]
[Round "6.20"]
[White "Stojanovic, Vladimir M"]
[Black "Milosevic, Slavisa"]
[Result "0-1"]
[WhiteElo "1944"]
[BlackElo "2282"]
[PlyCount "96"]
[EventDate "2008.11.08"]

1. d4 f5 2. g3 Nf6 3. Nf3 g6 4. Bg2 Bg7 5. c4 O-O 6. O-O d6 7. Qc2 c6 8. Nc3 h6
9. e3 g5 10. Rd1 Qe8 11. Bd2 Qh5 12. d5 c5 13. a3 Na6 14. Rab1 Bd7 15. b4 cxb4
16. axb4 Rac8 17. Qa2 f4 18. Ne2 Ne4 19. exf4 Nxd2 20. Nxd2 Qxe2 21. Re1 Qh5
22. Rxe7 Bf5 23. Rbe1 Nxb4 24. Rxg7+ Kxg7 25. Qb2+ Rf6 26. Qxb4 Rc7 27. fxg5
hxg5 28. Qc3 Qf7 29. Nf3 Qg6 30. Nd4 Rcf7 31. Nb5 Kh7 32. Nd4 Kh6 33. Qe3 Kg7
34. Nf3 g4 35. Ng5 Rc7 36. Ne6+ Bxe6 37. dxe6 Re7 38. Bd5 b6 39. Qd4 Kf8 40.
Re4 Rg7 41. e7+ Rxe7 42. Rxg4 Re1+ 43. Kg2 Qh6 44. Rg8+ Ke7 45. Qg4 Rxf2+ 46.
Kxf2 Qd2+ 47. Kf3 Re3+ 48. Kf4 Re5+ 0-1

[Event "Seniorsko prvenstvo Centralne "]
[Site "Vrnjacka Banja"]
[Date "2008.11.11"]
[Round "6.21"]
[White "Boskovic, Maksimilijan"]
[Black "Radosavljevic, Slobodan D"]
[Result "0-1"]
[WhiteElo "1903"]
[BlackElo "2267"]
[PlyCount "88"]
[EventDate "2008.11.08"]

1. d4 c5 2. d5 Nf6 3. c4 b5 4. cxb5 a6 5. bxa6 g6 6. Nc3 Bxa6 7. e4 Bxf1 8.
Kxf1 d6 9. g3 Bg7 10. Kg2 O-O 11. Nf3 Nbd7 12. h3 Ra7 13. Qc2 Qa8 14. Bg5 h6
15. Bf4 Nb6 16. b3 Nh5 17. Bd2 f5 18. a4 Nf6 19. Rae1 fxe4 20. Rxe4 e5 21. Rh4
g5 22. Bxg5 hxg5 23. Nxg5 Nbxd5 24. Nce4 Nxe4 25. Nxe4 Raf7 26. Kh2 Nc3 27. Rf1
Nxe4 28. Rxe4 Rxf2+ 29. Rxf2 Rxf2+ 30. Qxf2 Qxe4 31. a5 Qa8 32. Qd2 d5 33. a6
Qxa6 34. Qxd5+ Kh7 35. Qxc5 Qa2+ 36. Kg1 Qxb3 37. Kf2 Qd3 38. Qe7 Qf5+ 39. Kg2
e4 40. Qh4+ Kg6 41. g4 Qf3+ 42. Kg1 Bd4+ 43. Kh2 Qe2+ 44. Kh1 Qf1+ 0-1

[Event "Seniorsko prvenstvo Centralne "]
[Site "Vrnjacka Banja"]
[Date "2008.11.11"]
[Round "6.22"]
[White "Dolovic, Dusko"]
[Black "Jokic, Miodrag"]
[Result "1/2-1/2"]
[WhiteElo "2199"]
[BlackElo "2148"]
[PlyCount "77"]
[EventDate "2008.11.08"]

1. Nf3 d5 2. d4 e6 3. c4 Nf6 4. Nc3 c5 5. dxc5 Bxc5 6. e3 Nc6 7. cxd5 exd5 8.
Be2 O-O 9. O-O h6 10. b3 Be6 11. Nb5 Rc8 12. Bb2 Re8 13. Rc1 Bf8 14. Nfd4 Nxd4
15. Nxd4 Rxc1 16. Qxc1 Qa5 17. Nxe6 Rxe6 18. Bxf6 Rxf6 19. Qb1 d4 20. exd4 Qd2
21. Bf3 Qxd4 22. Bxb7 Bc5 23. Qc2 g5 24. Bf3 Kg7 25. Rd1 Qe5 26. h3 Bd4 27. Qc4
Bb6 28. Rc1 Rxf3 29. gxf3 Qg3+ 30. Kh1 Qxh3+ 31. Kg1 Qg3+ 32. Kh1 Qxf3+ 33. Kh2
Qxf2+ 34. Kh1 Qf3+ 35. Kh2 Be3 36. Qc3+ f6 37. Qc7+ Kg6 38. Qc2+ Kg7 39. Qc7+
1/2-1/2

[Event "Seniorsko prvenstvo Centralne "]
[Site "Vrnjacka Banja"]
[Date "2008.11.11"]
[Round "6.23"]
[White "Vasic, Vladimir"]
[Black "Jelisavcic, Srdjan"]
[Result "1-0"]
[WhiteElo "2191"]
[BlackElo "2117"]
[PlyCount "127"]
[EventDate "2008.11.08"]

1. e4 e5 2. Nf3 Nc6 3. Bb5 a6 4. Bxc6 dxc6 5. d4 exd4 6. Qxd4 Qxd4 7. Nxd4 Bd7
8. Nc3 O-O-O 9. Be3 Bb4 10. Nde2 Re8 11. O-O-O f5 12. exf5 Bxf5 13. a3 Bd6 14.
Bf4 Bc5 15. Nd4 Bg6 16. Rd2 Nf6 17. Nb3 Ba7 18. Kb1 Ne4 19. Nxe4 Rxe4 20. Bg3
Rhe8 21. Rhd1 Re2 22. Bh4 Rxd2 23. Rxd2 Bf7 24. Nc1 Bd5 25. f3 h6 26. Bf2 Bxf2
27. Rxf2 Re1 28. b3 c5 29. c4 Bg8 30. Kb2 Bh7 31. a4 Rg1 32. g3 c6 33. a5 Kd7
34. Ne2 Rb1+ 35. Ka2 Rh1 36. Nc3 h5 37. Na4 Re1 38. Nxc5+ Kc7 39. Rd2 Bf5 40.
f4 g6 41. Na4 h4 42. Nb6 h3 43. Ka3 Ra1+ 44. Kb4 Re1 45. Kc5 Rb1 46. b4 Rg1 47.
Re2 Kd8 48. Rd2+ Ke7 49. Re2+ Kf7 50. Kd6 Rg2 51. Re1 Rxh2 52. Kc7 Rb2 53. Kxb7
Rxb4 54. Kxa6 h2 55. Rh1 Rb2 56. c5 Be4 57. Rxh2 Rxh2 58. Kb7 Ke6 59. a6 Rh7+
60. Kb8 Rh8+ 61. Kb7 Rh7+ 62. Kb8 Rh8+ 63. Kb7 Rh7+ 64. Kb8 1-0

[Event "Seniorsko prvenstvo Centralne "]
[Site "Vrnjacka Banja"]
[Date "2008.11.11"]
[Round "6.25"]
[White "Jevtic, Miroljub"]
[Black "Matejic, Dragoljub"]
[Result "1/2-1/2"]
[WhiteElo "2167"]
[BlackElo "1918"]
[PlyCount "139"]
[EventDate "2008.11.08"]

1. d4 d5 2. c4 c6 3. Nc3 Nf6 4. Nf3 Nbd7 5. cxd5 cxd5 6. e3 e6 7. Bd3 b6 8. O-O
Bb7 9. Bd2 Rc8 10. Rc1 Bd6 11. Bb1 O-O 12. Qe2 Ne4 13. Nb5 Bb8 14. Rxc8 Qxc8
15. Bb4 Re8 16. Bxe4 dxe4 17. Nd2 Bd5 18. Nc3 Nf6 19. f4 exf3 20. gxf3 Bb7 21.
a4 a5 22. Ba3 Ba6 23. Nb5 e5 24. Qf2 exd4 25. exd4 Bf4 26. Re1 Rxe1+ 27. Qxe1
Qh3 28. Qe2 Bxd2 29. Qxd2 Qxf3 30. Qg2 Qd1+ 31. Kf2 Qc2+ 32. Kg1 Qxg2+ 33. Kxg2
Bxb5 34. axb5 Nd5 35. Kf3 f5 36. Bd6 Kf7 37. h4 g6 38. Be5 h6 39. Bb8 Ke6 40.
Be5 a4 41. Kg3 Nf6 42. Bc7 Nd7 43. Bf4 g5 44. hxg5 hxg5 45. Bxg5 Kd5 46. Be3
Ke4 47. Bg1 f4+ 48. Kg2 Nf6 49. Kf1 Kf3 50. Ke1 Nd5 51. Bf2 Ke4 52. Kd2 Ne3 53.
Ke2 Kxd4 54. Kf3 Ke5 55. Be1 Nc4 56. Bc3+ Kf5 57. Bd4 Ne5+ 58. Ke2 Nd7 59. Kf3
Ke6 60. Kxf4 Kd5 61. Bg7 Kc5 62. Ke3 Kxb5 63. Kd3 Kb4 64. Kc2 Kc4 65. Bh8 b5
66. Bg7 Nb6 67. Bf8 Nd5 68. Bg7 Nb4+ 69. Kb1 Kb3 70. Bf6 1/2-1/2

[Event "Seniorsko prvenstvo Centralne "]
[Site "Vrnjacka Banja"]
[Date "2008.11.11"]
[Round "6.26"]
[White "Sekularac, Andrej"]
[Black "Gagic, Miroljub"]
[Result "0-1"]
[WhiteElo "2134"]
[BlackElo "1851"]
[PlyCount "60"]
[EventDate "2008.11.08"]

1. e4 c6 2. d3 d5 3. Nd2 dxe4 4. dxe4 Nf6 5. Ngf3 Bg4 6. Be2 e6 7. O-O Be7 8.
c3 Nbd7 9. Nd4 Bxe2 10. Qxe2 O-O 11. b3 Qc7 12. Nc4 b5 13. Nd2 a5 14. c4 b4 15.
Re1 Rfd8 16. Bb2 Nc5 17. e5 Ne8 18. N2f3 Rd7 19. Rad1 Rad8 20. Rd2 a4 21. Qd1
axb3 22. axb3 g6 23. Qc2 Bf8 24. Ne2 Rxd2 25. Nxd2 Nd3 26. Rb1 Nxb2 27. Qxb2
Bh6 28. f4 Qb6+ 29. Kf1 Qe3 30. g3 Bf8 0-1